|
|
|
|
| LEADER |
00824nam a2200193 a 4500 |
| 001 |
GR-Patra16484 |
| 008 |
031024s gr e 000 0 gre d |
| 020 |
|
|
|a 9607847067
|
| 040 |
|
|
|a GrPaTEI
|b gre
|c GR-PaULI
|
| 040 |
|
|
|a GrPaTEI
|b gre
|c GR-PaULI
|
| 082 |
|
0 |
|a 225
|2 21
|
| 245 |
0 |
2 |
|a Η Καινή Διαθήκη :
|b Σε μετάφραση στη δημοτική.
|
| 260 |
|
|
|a Αθήνα :
|b Ελληνική βιβλική εταιρία,
|c [χ.χ]
|
| 650 |
|
4 |
|a ΚΑΙΝΗ ΔΙΑΘΗΚΗ
|
| 710 |
0 |
|
|a Ελληνική βιβλική εταιρία
|
| 942 |
|
|
|2 ddc
|
| 952 |
|
|
|0 0
|1 0
|2 ddc
|4 0
|6 225_000000000000000_ΚΑΙ
|7 0
|9 295752
|a LISK
|b LISK
|c BSC
|d 2021-01-17
|e 24
|f 0
|g 0.00
|l 0
|o 225 ΚΑΙ
|p 92410021664
|r 2021-01-17 00:00:00
|t 1
|w 2021-01-17
|y BK15
|x 20031024 0 1
|x GrPaTEI
|
| 971 |
|
|
|a .b26639993
|b 16-04-20
|c 23-09-16
|
| 999 |
|
|
|c 172609
|d 172609
|